00461nam a2200133Ia 4500100003200000942000700032654002800039245004200067260003800109082001200147546001200159999001700171952013900188 aReitz/ J.R./ Christy/ R.W.  cBK aElectromagnectic Theory aFoundation of Electromagnectic Theory bNarosa Pub HouseaNew Delhic1993 a530.141 aENGLISH c35081d35081 001040708CRCaCRCEbCRCEd2023-03-17eNarosa booksg110.00i8669 dt 30.11.93l0o530.141 p4971r2023-03-17v110.00w1993-11-30yBK